| 000 | 00762nam a22002177a 4500 | ||
|---|---|---|---|
| 005 | 20081020150054.0 | ||
| 008 | 081020t xxu||||| |||| 00| 0 eng d | ||
| 010 | _aENG-84478 | ||
| 020 | _a8178842920 | ||
| 020 | _c700.00 (hb) | ||
| 035 | _aEN-68011 | ||
| 082 | _a338.954 / TYA | ||
| 100 | _aTyagi, Harish | ||
| 245 |
_aDevelopment planning in India: _ban analysis / _cby Harish Tyagi |
||
| 260 |
_aNew Delhi _bCyber Tech Publications |
||
| 260 | _c2007 | ||
| 300 |
_a269p _c22cm |
||
| 500 | _aIncludes bibliographical references and index | ||
| 942 |
_2ddc _cEN _h338.954 _mTYA |
||
| 999 |
_c17784 _d17784 |
||